Geografía por Imágenes- E - Estadísticas

Estadísticas generales
  • Esta prueba ha sido intentada 5.326 veces
  • La puntuación promedio es 11 de 18
Estadísticas de respuestas
Imagen Hint Respuesta % Correcto
país Egipto
98%
torre Eiffel
97%
país España
96%
Ecuador
93%
país Etiopía
92%
montaña Everest
82%
rascacielos Empire State Building
81%
país Estonia
63%
país Emiratos Árabes Unidos
61%
río Ebro
58%
volcán Etna
51%
río Éufrates
49%
ciudad Edimburgo
42%
donde un río se encuentra con el mar Estuario
32%
condado Essex
26%
parque en los Estados Unidos Everglades
25%
lago Erie
21%
ciudad Ereván
19%
No se encontraron pruebas coincidentes
Distribución de puntuación
Porcentaje de gente con cada puntuación
Porcentaje por número respondido
Historial de tus puntuaciones
No has intentado esta prueba.